000 00713nam a2200253 a 4500
003 AR-BaBNM
005 20251128205429.0
008 082120s2002 ||||||||||||||000 | spa||
040 _cAR-BaBNM
245 0 0 _aPoesía sueca contemporánea
260 _aMálaga
_bUNESCO
_bEdiciones Litoral
_c1990
300 _a315 p.
_bil.
490 0 _aUnesco de obras representativas. Europea
500 _aContiene breve noticia biográfica de los autores en p. 305
650 4 _aESCRITORES
650 4 _aANTOLOGIAS
650 4 _aPOESIA
650 4 _aLITERATURA CONTEMPORANEA
653 _aLITERATURA SUECA
655 _aLITERATURA
700 1 _aUriz, Francisco J.
_ecompilador
942 _cBK
998 _cMARTIN
999 _c11387
_d11387